LEADER 01277nam a2200253 i 4500 001 000000110434 003 CaOOAMICUS 005 20080307123026.0 008 080307s2007 it af u000 u ita c 020 $z978-88-8155-407-2* 040 $aUSC$bita$dALB$dPUL$dLDB 100 1 $aPandolfi, Massimo.$0(OLS)http://pul/name/67674 245 12$aL'inguaribile voglia di vivere :$bmalati testimoni di speranza : storie che i massmedia non raccontano /$cMassimo Pandolfi. 260 $aMilano :$bAres,$c2007. 300 $a167 p., [8] p. di tav. :$bill. ;$c18 cm. 490 1 $aSagitta.$aProblemi e documenti.$aNuova serie ;$v0072 650 14$aMalattie$xAspetti morali e religiosi.$0(OLS)http://pul/subject/13246 830 0$aSagitta.$pProblemi e documenti.$pNuova serie ;$v0072.$0(OLS)http://pul/title/138858 850 $aPUL 852 $aPUL$W1$xSL Diritto e Scienze Sociali 3$y79$m362. 1 PANMA 1$j126508$qDDC 21$B125233$CPULBib$Z2$F125233 $H106654 $82 941 1 $a9 996 $6020$z978-88-8155-407-2*$9(OLS)http://pul/number/137450 996 $6245$aL'inguaribile voglia di vivere :$bmalati testimoni di speranza : storie che i massmedia non raccontano$9(OLS)http://pul/title/138857 996 $6260$aMilano :$bAres$9(OLS)http://pul/publisher/53739 LEADER 01797nam a2200325 a 4500 001 000000157565 003 CaOOAMICUS 005 20161215173000.0 008 161215s1998 it 000 u ita r 032 $aLibriCat 040 $aPUL$bita 100 1 $aPodlaszczak, Janusz.$0(OLS)http://pul/name/100531 245 10$aChiesa, "Corpo di Cristo" : $bstudio analitico sullo stato della ricerca ecclesiologica cattolica dalla Lumen gentium (1964) al Catechismus Catholicae Ecclesiae (1997) / $cJanusz Podlaszczak. 260 $aRomae :$bAthenaeum Romanum Sanctae Crucis,$c1998. 300 $a184 p. ; $c24 cm. 502 $aTesi -- Pontificium Athenaeum Sanctae Crucis. Facultas Theologiae. 1998. 504 $aBibliografia in nota a pič pagina. 611 24$aConcilium Vaticanum$n(2 :$d1962-1965)$tLumen gentium.$0(OLS)http://pul/subject/23276 650 04$aCatechismo della Chiesa cattolica.$0(OLS)http://pul/subject/28591 710 2 $aAteneo Romano della Santa Croce.$kTesi.$0(OLS)http://pul/name/17117 850 $aPUL 852 $aPUL$W1$xDP1 Tesi Pon. Univ. S. Croce$y43$mTH S.CRO 115$j180907$qTesi$B184030$CPULBib$Z2$F184030 $H79773 $82 910 $aPontificia Universitā della Santa Croce$917117 910 $aPontificia Universitā della Santa Croce$917117 941 1 $a16 960 $aConcilium Vaticanum$n(2 :$d1962-1965)$tConstitutio dogmatica de Ecclesia$923276 960 $aLumen gentium$923276 996 $6245$aChiesa, "Corpo di Cristo" : $bstudio analitico sullo stato della ricerca ecclesiologica cattolica dalla Lumen gentium (1964) al Catechismus Catholicae Ecclesiae (1997) / $9(OLS)http://pul/title/197169 996 $6260$aRomae :$bAthenaeum Romanum Sanctae Crucis$9(OLS)http://pul/publisher/85769